[Event "West Wales Open"]
[Site "Swansea"]
[Date "2019.10.11"]
[Round "1.1"]
[White "Guy, David"]
[Black "Kosuzek, Daniel"]
[Result "0-1"]
[WhiteElo "1891"]
[BlackElo "2338"]
[Annotator "kemen"]
[PlyCount "56"]
[EventDate "2019.10.12"]
[EventType "swiss"]
[EventRounds "5"]
[EventCountry "WLS"]

{[%evp 0,18,5,56,31,-21,0,-10,-15,-12,60,10,17,-8,17,3,0,0,7,7,13]} 1. d4 Nf6
2. c4 e6 3. Nf3 d5 {Queen's Gambit declined} 4. Nc3 dxc4 (4... Be7) (4... c6 {
main lines}) 5. Qa4+ (5. e4) (5. e3 {main lines}) 5... Nbd7 (5... c6) 6. g3 (6.
e4) 6... a6 7. Bg2 Rb8 (7... Be7 {preferred by Davies 2009:183, so as not to
spend time on Rb8} 8. Bf4 Nd5 9. Qxc4 Nxf4 10. gxf4 b5 11. Qd3 Bb7 12. Rd1 {
Karpov-Nisipeanu, Vitoria Gasteiz 2007,1/2-1/2} (12. O-O)) 8. Qxc4 b5 {
transposed to a mainline Catalan} 9. Qd3 Bb7 10. O-O Bd6 (10... c5 {main GM
line}) 11. Bf4 Bxf4 12. gxf4 c5 13. dxc5 Nxc5 14. Qxd8+ Rxd8 15. Rad1 $146 (15.
Rac1 Ncd7 (15... Nce4 {Tereick-Sonntag, Oberliga NRW 2007,1-0} 16. Nxe4 Bxe4
17. Ne5 Bxg2 18. Kxg2 O-O 19. Kf3 $14) 16. Nd4 Bxg2 17. Kxg2 O-O 18. Nc6 $14 {
Tereick-Stanke, GER ch, Bad Koenigs hofen 2007,1-0}) (15. b4 Nce4 16. Nxe4 Bxe4
$11 {Delorme-Grandelius, Helsingor Extracon 2018,1/2-1/2}) (15. Rfc1 {Cloud
Engines} Nce4 16. Nxe4 Bxe4 17. Ne5 O-O 18. Bxe4 Nxe4 19. Rc2 Rd2 20. Rxd2 Nxd2
21. Rc1 $14 {U Andersson-Filguth, Brasilia 1981,1-0}) 15... Ke7 16. Nd4 (16.
Ne5) 16... Bxg2 17. Kxg2 Rc8 $11 18. e3 b4 19. Nce2 h6 20. Nc1 {a retreat that
turns out badly} (20. Rc1 Nd5 21. Rfd1 $11 {Komodo13}) 20... Rhg8 (20... g5 $15
{Stockfish10 & Komodo13}) 21. h4 {just gives g5 extra force} (21. Ncb3 g5 (
21... Nxb3 22. axb3) 22. f5 e5 23. Nf3 $11 {Komodo13}) 21... g5 22. hxg5 hxg5
23. fxg5 (23. f5 e5 24. Ndb3 Nxb3 25. axb3 (25. Nxb3 Rc2 26. Rb1 Rgc8 $17)
25... a5 26. Nd3 e4 27. Ne5 Rc5 28. Nc4 $11 {Komodo13}) 23... Rxg5+ 24. Kf3 e5
$19 25. Ndb3 Nce4 (25... Na4 $1 26. Rd2 Rf5+ 27. Ke2 Ne4 $19 {Komodo13}) 26.
Nd3 Rc2 27. Nxb4 (27. Rg1 Rf5+ 28. Kg2 Ng4 29. Rde1 Ngxf2 $19 {Komodo13}) 27...
Rg3+ $1 28. fxg3 Ng5# 0-1

[Event "West Wales Open"]
[Site "Swansea"]
[Date "2019.10.11"]
[Round "1.2"]
[White "Toczek, Grzegorz"]
[Black "Bevan, Peter M"]
[Result "1-0"]
[WhiteElo "2259"]
[BlackElo "1889"]
[Annotator "kemen"]
[PlyCount "39"]
[EventDate "2019.10.12"]
[EventType "swiss"]
[EventRounds "5"]
[EventCountry "WLS"]

{[%evp 0,11,30,30,46,44,53,56,87,80,104,81,81,81]} 1. e4 d5 2. exd5 Qxd5 3. Nc3
Qd8 4. d4 c6 5. Bc4 Bf5 (5... Nf6 {main}) 6. g4 {similar to a line against the
Caro-Kann} (6. Nf3) (6. Nge2 {main lines}) 6... Bg6 7. h4 $146 (7. f4 {main} e6
8. Nf3 {main & Cloud Engines} (8. Qe2 Be7 (8... Qh4+ 9. Kf1 {Navarro
Alonso-Hernando Garcia, Aragon ch tm 2013,1/2-1/2}) 9. Nf3 Nd7 10. Bb3 Ngf6 11.
Rg1 Qc7 12. Bd2 O-O-O 13. O-O-O {Timman-Bogdanovski, Calvia ol 2004,1-0})) 7...
h5 8. g5 e6 9. Nge2 Bb4 (9... Bd6 10. Nf4 Bxf4 11. Bxf4 Ne7 $14 {Stockfish10})
10. Nf4 (10. Bf4 Ne7 11. Qd2 {Deep Fritz13}) (10. a3 Bxc3+ 11. Nxc3 Qb6 {
Stockfish10}) 10... Ne7 11. Nxg6 Nxg6 12. Be3 (12. Kf1 {Stockfish10}) 12... Qa5
13. Qd3 Nd7 (13... Bxc3+ 14. Qxc3 Qxc3+ 15. bxc3 Nd7 $14 {Deep Fritz13 &
Stockfish10}) 14. Bxe6 $16 Bxc3+ 15. bxc3 Nde5 $6 (15... Ne7 16. Bxd7+ Kxd7 17.
O-O-O $16 {Stockfish10}) (15... O-O 16. Bb3 $18 {Stockfish10} (16. Bxd7 Qd5 17.
O-O-O Qxd7 18. Kb2 $16)) 16. dxe5 Nxe5 17. Bxf7+ Kxf7 (17... Nxf7 18. Qc4 Qd5
19. Qxd5 cxd5 20. O-O-O $18 {Stockfish10}) 18. Qf5+ Ke7 (18... Kg8 {safer, but
buries the R}) 19. Bd4 Rae8 20. O-O-O 1-0

[Event "West Wales Open"]
[Site "Swansea"]
[Date "2019.10.11"]
[Round "1.3"]
[White "Van Kemenade, Rudy"]
[Black "Thompson, Ian D"]
[Result "0-1"]
[WhiteElo "1885"]
[BlackElo "2120"]
[Annotator "kemen"]
[PlyCount "48"]
[EventDate "2019.10.12"]
[EventType "swiss"]
[EventRounds "5"]
[EventCountry "WLS"]

1. e4 e6 2. d3 d5 3. Qe2 dxe4 (3... Nc6 4. Nf3 Nf6 5. g3 dxe4 6. dxe4 e5 7. Bg2
Bg4 8. c3 Be7 9. h3 Be6 10. O-O Nd7 {Van Kemenade-Cobb, WLS ch 2015,0-1}) 4.
dxe4 e5 5. Nf3 Nc6 6. c3 a5 (6... Nf6 {main}) 7. Qc2 Bc5 (7... Nf6) 8. Bb5 Qf6
(8... Qe7 {main}) 9. O-O {Deep Fritz13} (9. Nbd2 {Komodo13} Nge7 10. Nc4 (10.
Nf1 O-O 11. Ng3 Bg4 12. Ng5 h6 13. h3 Bd1 14. Kxd1 hxg5 15. Ke1 Ng6 16. Nf5
Nce7 {Bologan-Ponkratov, Wld ch blitz, Khanty-Mansiysk 2013,0-1}) 10... O-O 11.
Be3 Bxe3 12. Nxe3 Nd8 13. Be2 Ng6 14. g3 Bh3 15. Ng1 Be6 16. h4 Re8 17. Nf3 c6
18. a4 h6 19. Rd1 {David-Lagarde, ECC open, Antal;ya 2017,1-0}) 9... Nge7 10.
Nbd2 (10. Bg5 Qe6 (10... Qg6 11. Bxe7 $16) 11. Nbd2 O-O 12. Rad1 $14 {Komodo13}
) 10... O-O 11. Nc4 (11. a4) 11... Bg4 (11... Na7 12. a4 c6 13. b4 cxb5 14.
axb5 Qe6 (14... Bd6 15. Bg5 Qe6 16. Nxd6 Qxd6 17. Rfd1 Qe6 18. c4 axb4 19. Bxe7
Qxe7 20. b6 $11 {Komodo13}) 15. bxc5 Qxc4 16. Rxa5 Be6 17. Qb1 Bg4 18. Nxe5
Qxc3 19. Rxa7 Rxa7 20. Nxg4 Ra4 $17 {Komodo13}) 12. Ne1 Ng6 (12... Na7 {
seen too lsate by Bl} 13. Nd3 Nxb5 14. Nxc5 b6 {pm analysis} 15. Ne3 Bc8 16.
Nd3 $11 {Komodo13}) 13. Nd3 (13. Be3 {initial idea} Be7 14. a4 Rfd8 $11 {
Komodo13}) 13... Be7 14. Bxc6 bxc6 15. f3 (15. b4 $14 {Komodo13}) 15... Be6 (
15... Bc8 $5 {Ian}) 16. Qa4 (16. b3 $11 {Komodo13}) 16... Rfd8 (16... Rad8 $17
{Komodo13}) 17. Rd1 (17. Qxc6 Rab8 18. Nf2 h5 $11 {Komodo13, Bl seems to have
enough for the pawn}) 17... Bc8 (17... Nh4 18. Ncxe5 Bh3 19. Qxc6 Bd6 20. Bf4
Bxg2 21. Bg3 Bh3 22. f4 $11 {Komodo13}) 18. Be3 (18. Nf2 $11 {Komodo13}) 18...
Ba6 $19 19. Nc5 Bb5 20. Rxd8+ (20. Qb3 a4 {looked at in pm analysis} 21. Qb4 (
21. Rxd8+ Rxd8 22. Nxa4 Rd3 23. Bf2 Nf4 24. Re1 Nxg2 (24... Qg5) 25. Kxg2 Qxf3+
26. Kg1 Qf4 $19 {the Wh Q & both Ns are completely offside}) 21... Nf4 22. Bxf4
exf4 (22... Qxf4) 23. h3 Bf8 $19 {Qe7 is coming; Komodo13}) 20... Rxd8 21. Qb3
Bxc5 {lets Wh have some chances of survival} (21... a4 22. Nxa4 Rd3 $19 {
as above}) 22. Bxc5 a4 (22... Bxc4 23. Qxc4 Qg5 24. Qf1 Nf4 $17 {the N is
better than the B, & Bl controls the open file}) 23. Qb4 Nf4 24. Be3 $2 {
missing the real threat} (24. Be7 {considered by Wh for a while, could give
some survival chances as Bl still has to find the followup moves} Qg6 25. g3
Nh3+ (25... Rd7 26. Nxe5 Nh3+ 27. Kg2 Rd2+ 28. Kxh3 Qe6+ 29. Ng4 h5 30. Bg5 Rf2
31. Qd4 Rxf3 32. Kg2 hxg4 33. Rd1 c5 $17 {Komodo13}) 26. Kg2 Rd3 27. Kxh3 Qe6+
28. Kg2 h6 29. Bc5 Qxc4 30. Qxc4 Bxc4 31. Bf2 $17 {Komodo13; but Wh has good
hopes of a draw}) (24. Ne3 {looked at in pm analysis & the players were unable
to find a satisfactory reply for Bl. Komodo13 , after initially declaring it
drawn, then prefers Bl, finally giving it a win} Rd2 $19 25. c4 {the players
thought refuted this & some other moves- however} (25. Qa5 h6 26. Qxc7 Kh7 27.
Qc8 Qg6 28. Qf5 Qxf5 29. exf5 Rxb2 $19 {Komodo13}) 25... Rxg2+ $1 26. Nxg2 Qg5
27. Qd2 Nh3+ {picks up the Q; Komodo13}) 24... Nd3 0-1

[Event "West Wales Open"]
[Site "Swansea"]
[Date "2019.10.11"]
[Round "1.4"]
[White "Garcia, Jason"]
[Black "Brown, Geoffrey M"]
[Result "1/2-1/2"]
[WhiteElo "2050"]
[BlackElo "1861"]
[Annotator "kemen"]
[PlyCount "115"]
[EventDate "2019.10.12"]
[EventType "swiss"]
[EventRounds "5"]
[EventCountry "WLS"]

1. Nf3 e6 2. c4 f5 3. g3 Nf6 4. Bg2 Be7 5. b3 O-O 6. Bb2 d6 7. d4 Ne4 (7... Qe8
{main}) 8. Nfd2 (8. O-O) 8... Nxd2 (8... d5 9. O-O {1 win each, 2 draws}) 9.
Nxd2 f4 (9... Bf6 10. e4 Nc6 11. e5 dxe5 12. Bxc6 bxc6 13. dxe5 Be7 14. Nf3
Bb4+ 15. Ke2 Qe8 16. Qd4 Be7 $17 {Mejvik-Ivarsson, Lund Lask op 2016,1-0}) 10.
e3 (10. O-O $16 {Komodo13}) 10... fxe3 11. fxe3 Nc6 12. Nf3 Bf6 13. O-O a5 14.
a3 Qe7 15. Qd2 (15. Nd2 Bd7 16. Ne4 $16 {Komodo13}) 15... Rb8 16. e4 e5 17. d5
Nd8 (17... Nd4 $5) 18. Qxa5 $16 Nf7 19. Qc3 h5 20. Bc1 c6 21. Be3 cxd5 22. cxd5
Bg4 {Bl has to try for some K side attack to counter the extra Wh pawn on the
Q side} 23. Rac1 Bg5 24. h4 Bxe3+ 25. Qxe3 b5 26. b4 {aims to show up b5 as a
weakness, but a3 has become backward} (26. Nh2 Nh6 27. Rxf8+ Qxf8 28. Bf1 Qd8
29. Rc6 $14 {Komodo13}) 26... Ra8 27. Nd2 (27. Rc3 Qb7 28. Rfc1 Rac8 29. Rxc8
Rxc8 30. Rxc8+ Bxc8 31. Kh1 Qc7 32. Bf1 Bd7 33. Be2 $14 {Komodo13}) 27... Ra4 (
27... Qb7) 28. Nb1 Rfa8 29. Bf3 Nh6 30. Qb6 $16 g5 $5 (30... Qa7 31. Qxa7 R4xa7
32. Rc6 Rd7 33. Kf2 $16 {Komodo13}) 31. Rc7 $18 Qd8 32. Bxg4 hxg4 (32... Nxg4 {
looks more natural, but would lose to} 33. Rf5 $1 {penetrating the defences;
when} gxh4 $2 34. Rg7+ $1 Kh8 (34... Kxg7 35. Qb7+ Kh6 36. Qf7 Nf6 37. Rg5 $1
Qg8 (37... Kxg5 38. Qg7#) 38. Qxf6+ Kh7 39. Rxh5#) 35. Qb7 Nf6 36. Rxh5+ Nxh5
37. Rh7+ Kg8 38. Qf7# {Komodo13}) 33. Rb7 Qxb6+ 34. Rxb6 gxh4 35. Rxd6 (35.
gxh4 R4a6 36. Rxb5 $18 {looks ok as well}) 35... R4a6 36. Rxa6 Rxa6 37. gxh4
$18 {2 pawns up, with one of these protected passed , should be easy, but the
Wh K still needs protection & the Wh N on b1 is out of play} Kg7 38. Rc1 Rf6
39. Rc7+ Nf7 (39... Kg6 40. Rc6) 40. Nd2 (40. Nc3 {Komodo13} Kg6 41. Rc6 Nd6
42. Kg2 Kf7 43. h5 Kg7 44. Kg3 $18) 40... Kg6 (40... Ra6 $5) 41. Kg2 Kh5 42.
Kg3 {Wh was down to 5 mins now} Nd6 43. Re7 (43. Rh7+ $1 Kg6 44. Re7 Nf7 45.
Kxg4 $18 {Komodo13}) 43... Nc4 (43... Nf7 44. Rb7) 44. Nxc4 Rf3+ 45. Kg2 bxc4
46. Rh7+ (46. Rxe5+ Kxh4 47. d6 Rg3+ 48. Kf2 Rf3+ 49. Ke2 Rf8 50. Rc5 g3 51.
Rxc4 g2 52. Rc1 {Komodo13 & the 4 pawns are more than enough.}) 46... Kg6 47.
Rc7 Rxa3 48. Rxc4 Kh5 49. b5 (49. Rc2 $1 {protecting the K & getting the R
behind either b or d pawn was now the only way to win , according to Komodo13})
49... Rb3 (49... Ra2+ $1 {drives the Wh K further back or gains a perpetual})
50. d6 (50. Rc8 {allows the Wh K to go to the centre to escape the checks,
while the R goes behind to take care of the g pawn} Rb2+ 51. Kf1 Rb1+ 52. Ke2
Rxb5 53. Rh8+ Kg6 54. Re8 Kh5 55. Rxe5+ (55. d6 {also wins}) 55... Kxh4 56. Re7
{[%emt 0:00:01] with a book win or 2 connected pawns vs}) 50... Rxb5 51. d7 (
51. Rc8 $1 $18) (51. Rc2 $18) 51... Rb2+ $11 52. Kg3 Rb3+ 53. Kf2 (53. Kg2)
53... Rd3 54. Rc8 (54. Rc5) 54... Rxd7 55. Rc5 (55. Re8) 55... Rf7+ 56. Kg2
Kxh4 57. Rxe5 Rh7 58. Rf5 {a lucky escape for Bl, which lead him to further
successes in the next few rounds} 1/2-1/2

[Event "West Wales Open"]
[Site "Swansea"]
[Date "2019.10.11"]
[Round "1.5"]
[White "Whitehead, Mark A"]
[Black "Musson, Adam J"]
[Result "0-1"]
[WhiteElo "1847"]
[BlackElo "2017"]
[Annotator "kemen"]
[PlyCount "100"]
[EventDate "2019.10.12"]
[EventType "swiss"]
[EventRounds "5"]
[EventCountry "WLS"]

{[%evp 0,17,30,30,103,54,108,16,24,18,15,21,11,2,44,35,47,19,12,16]} 1. e4 c5
2. Nc3 d6 3. g3 Nc6 4. Bg2 g6 5. d3 Bg7 6. Be3 e6 7. Qd2 Bd7 (7... Rb8) (7...
Nge7) 8. Nge2 a6 (8... Nd4) 9. O-O {main} (9. d4 {also played}) 9... Nd4 10.
Rae1 Ne7 11. Nd1 Rb8 $146 (11... e5 12. c3 Nxe2+ 13. Rxe2 O-O 14. Bh6 Be6 15.
Bxg7 Kxg7 16. b3 b5 17. f4 Ra7 18. d4 {Minz-Mueller, Kurpfals Seniors op,
Ludwigshafen 2005, 1/2-1/2}) (11... O-O 12. c3 Nxe2+ 13. Rxe2 Bb5 14. c4 Bc6
15. Bh6 Re8 16. Bxg7 Kxg7 17. d4 b5 18. d5 exd5 19. cxd5 Bb7 20. f4 {
Trembacz-Belteczky, HUN ch tm 2007,1-0}) 12. Nc1 (12. Nxd4 {opening the c file
is fine, as the Bl R is on b8 already} cxd4 13. Bh6 O-O 14. Bxg7 Kxg7 15. Qb4
e5 16. Qxd6 Nc6 $14) 12... O-O 13. f4 (13. c3 Ndc6 14. Bh6 $14 {Stockfish8 &
Komodo13}) 13... Qc7 14. g4 f5 15. c3 Ndc6 16. h3 (16. exf5 gxf5 17. g5 $11 {
both Engines}) 16... b5 17. a3 a5 18. Ne2 b4 (18... a4 $11 {both Engines}) 19.
axb4 axb4 20. d4 (20. gxf5 exf5 21. Bf2 Na5 22. Bh4 $11 {Komodo13}) 20... Na5
$15 (20... bxc3 21. bxc3 Na5 $17 {both Engines}) 21. dxc5 dxc5 22. Bf2 Bc6 (
22... bxc3 23. bxc3 fxe4 24. Bxe4 Nb3 25. Qc2 c4 $17 {both Engines}) 23. cxb4 (
23. Bxc5 $11) 23... cxb4 24. e5 Bxg2 25. Kxg2 Rfd8 $19 {both Engines} 26. Qe3
Nc4 27. Qc5 Qb7+ 28. Kg3 (28. Kg1 Nd2 $19) 28... Nd2 29. Qe3 Nxf1+ 30. Rxf1 Qb5
31. Qf3 Rd2 32. Re1 Rd3 (32... Rbd8) 33. Ne3 Nd5 (33... fxg4 34. hxg4 g5 {
both Engines, demolishes the Wh centre}) 34. Nc1 Rd4 (34... Nxf4 35. Qxf4 Bxe5
36. Nxd3 Bxf4+ 37. Nxf4 e5 $19 {Komodo13}) 35. Ne2 Re4 (35... Rxf4 36. Nxf4
Nxf4 37. Nc4 Nxh3 38. Kxh3 Qxc4 $19 {Komodo13}) 36. Kg2 Rc8 (36... Rd8 {
Komodo13}) 37. Nxd5 Qxd5 38. Ng3 Rxe1 (38... Rxf4) 39. Qxd5 exd5 40. Bxe1 Rc2+
41. Kf3 fxg4+ 42. hxg4 Rxb2 43. Ne2 Rb3+ (43... b3) 44. Kf2 Bf8 45. Nc1 Bc5+
46. Ke2 Re3+ 47. Kd2 Re4 (47... b3) 48. Nd3 Be3+ 49. Kc2 Bxf4 50. Bxb4 Bxe5 0-1

[Event "West Wales Open"]
[Site "Swansea"]
[Date "2019.10.11"]
[Round "1.6"]
[White "Young, Alan"]
[Black "Buttell, David"]
[Result "1-0"]
[WhiteElo "2015"]
[BlackElo "1828"]
[Annotator "kemen"]
[PlyCount "83"]
[EventDate "2019.10.12"]
[EventType "swiss"]
[EventRounds "5"]
[EventCountry "WLS"]

{[%evp 0,17,30,30,57,72,84,69,87,75,74,41,44,28,47,33,57,75,70,90]} 1. e4 d6 2.
d4 Nf6 3. Nc3 g6 4. Bg5 Bg7 5. Qd2 h6 6. Bh4 c6 (6... g5 7. Bg3 Nh5 {main}) 7.
f4 Qa5 (7... b5) 8. Nf3 Nbd7 (8... Bg4 {main}) 9. Bd3 (9. e5 {79 % for Wh, eg}
dxe5 10. fxe5 Nd5 11. e6 {AH Williams-MacDonald Ross, BCF ch 1971,1-0}) 9... a6
{slow} (9... e5 {had to be tried , eg Richardson-Penrose,BCF ch 1968,0-1}) 10.
O-O (10. e5 dxe5 11. fxe5 Nd5 12. e6 fxe6 13. Bxg6+ Kd8 14. O-O Nxc3 15. bxc3
Bf6 16. Ne5 Bxe5 17. dxe5 Qd5 18. Rad1 {Djukic-Todorcevic, SCG-ch tm, Budva
2003,1-0}) 10... b5 (10... Nh5 $5 11. Bxe7 $18) 11. e5 $18 Nd5 12. Nxd5 (12.
exd6 exd6 13. Rae1+ (13. b4 Qxb4 14. Qe2+ Kf8 15. Nxd5 $18) 13... Kf8 14. f5 g5
15. Bg3 $18 {Komodo13}) 12... Qxd2 13. Nc7+ Kd8 14. Nxd2 Kxc7 15. Bxe7 d5 16.
f5 g5 17. c3 (17. a4) 17... Bf8 18. Bxf8 Nxf8 19. a4 Rb8 20. axb5 axb5 21. b4 {
Bl is a pawn down & tied down} (21. Nb3) (21. Rfe1) 21... Kb6 22. Nb3 Nd7 23.
e6 Nf6 24. Nc5 Rf8 25. Ra2 Ne4 26. Bxe4 dxe4 27. Re2 (27. e7 Re8 28. f6 $18 {
Komodo13}) (27. Rfa1 {Komodo13}) 27... fxe6 28. fxe6 Rxf1+ 29. Kxf1 Kc7 30. e7
Bb7 31. Rxe4 (31. Nxe4 c5 32. Nf6) 31... Re8 32. Nxb7 {seems a waste of a
wonderful N, but simplest & given by Komodo13} Kxb7 33. Ke2 Kc7 34. Kf3 Kd6 35.
Kg4 Rxe7 36. Rxe7 Kxe7 37. Kh5 Ke6 38. Kxh6 Kf5 39. Kh5 Ke4 40. Kxg5 Kd3 41. h4
Kxc3 42. h5 1-0

[Event "West Wales Open"]
[Site "Swansea"]
[Date "2019.10.11"]
[Round "1.7"]
[White "Marin Marin, Francisco Javier"]
[Black "Van Veelen, Thomas"]
[Result "0-1"]
[WhiteElo "1767"]
[BlackElo "1992"]
[Annotator "kemen"]
[PlyCount "56"]
[EventDate "2019.10.12"]
[EventType "swiss"]
[EventRounds "5"]
[EventCountry "WLS"]

{[%evp 0,27,24,29,67,26,37,40,32,-16,-3,2,7,13,0,-46,-48,-94,-57,-98,-32,-59,
-47,-47,45,0,0,0,-14,23]} 1. e4 e6 2. d4 d5 3. e5 c5 4. c3 Nc6 5. Nf3 Bd7 6.
Bd3 Qb6 (6... cxd4 7. cxd4 Qb6 {perhaps more accurate}) 7. O-O (7. dxc5 Bxc5 8.
O-O {is ok for Wh}) 7... cxd4 8. cxd4 Nxd4 9. Nxd4 Qxd4 10. Nc3 {the original
Milner-Barry Gambit} (10. Qe2 {a later twist}) 10... Qxe5 (10... a6 11. Qe2 (
11. Kh1 {preferred by Harding 1998:141}) 11... Ne7 {is a more cautious line})
11. Re1 Qd6 (11... Qb8 {main} 12. Nxd5 Bd6 13. Qg4 (13. Qh5)) 12. Nb5 Qb6 (
12... Bxb5 13. Bxb5+ Kd8 {is dangerous} 14. Be3 (14. Qf3)) 13. Be3 Qd8 (13...
Qa5 14. Bd2 Qb6 {invites a draw}) 14. Rc1 (14. Bf4 {alternative, 80% for Wh}
Bb4 (14... Rc8 15. Nxa7 {4-0}) 15. Nc7+ Kf8 16. Nxa8 Bxe1 17. Bd6+ Ne7 18. Qxe1
Qxa8 19. Qb4 $18 {Souza-Pimenta, Sao Sebastian IRT op 2016,1-0}) 14... Rc8 15.
Bf4 (15. Rxc8 Qxc8 16. Qb3 Nf6 (16... Qd8 $16 {Cloud Engines}) 17. Rc1 Bc6 18.
Nxa7 Qd8 19. Nxc6 bxc6 20. Rxc6 {Antonsson-Johansson, SWE ch op, Vaxjo 1992,1-0
}) 15... Rxc1 (15... Bc5 16. Rxc5 Rxc5 17. Nd6+ Kf8 18. Nxb7 Qb6 19. Nxc5 Qxc5
20. Qb3 $18 {Bilek-Svitak, Prague op 2006,1-0}) 16. Qxc1 Bb4 $11 17. Nc7+ (17.
Re2 Ba5 (17... Nf6 18. Bd6 (18. a3) 18... Bxd6 19. Nxd6+ Kf8 20. Nxb7 Qb6 21.
Nc5 Ke7 22. Nxd7 Nxd7 23. Qg5+ Nf6 24. Qxg7 Rg8 25. Qh6 Rc8 $11) 18. Nd6+ Ke7
19. Qc5 Qb8 20. Nf5+ {Schroedter-Lick, GER ch U10, Willingen 2001,1-0}) (17.
Bd6 Bxd6 18. Nxd6+ Kf8 19. Nxb7 Qb8 20. Nc5 Be8 21. Qc3 $11 {Stockfish10})
17... Kf8 $15 18. Re3 (18. Re2) 18... Nf6 $17 (18... Ne7 $19 {Stockfish10}) 19.
Rg3 Nh5 $19 20. Bg5 Be7 21. Bxe7+ Qxe7 22. Re3 Nf6 {Bl has survived & can
consolidate the extra pawns} 23. Bb5 d4 (23... Bc6 24. Bxc6 Qxc7 $19) 24. Rd3
Bc6 25. Bxc6 Qxc7 26. Qc5+ Kg8 27. Rxd4 h6 (27... g6) 28. Rd6 Ne4 (28... bxc6
29. Rxc6 Qb7 $19) (28... Ne4 29. Bxe4 Qxc5 30. Rd8+ Qf8 31. Rxf8+ Kxf8 $19) 0-1

[Event "West Wales Open"]
[Site "Swansea"]
[Date "2019.10.11"]
[Round "1.8"]
[White "McCarthy, Maurice"]
[Black "Thomas, Roy"]
[Result "1/2-1/2"]
[WhiteElo "1980"]
[BlackElo "1696"]
[Annotator "kemen"]
[PlyCount "74"]
[EventDate "2019.10.12"]
[EventType "swiss"]
[EventRounds "5"]
[EventCountry "WLS"]

{[%evp 0,16,27,-12,-12,-12,52,37,36,35,49,59,47,42,47,28,49,53,42]} 1. c4 e6 2.
Nf3 f5 3. g3 Nf6 4. Bg2 Be7 5. O-O O-O 6. d4 d6 7. b4 (7. Nc3 {main}) 7... Qe8
(7... Ne4) 8. a4 {rare} (8. Bb2) (8. Nc3) 8... Nc6 (8... Nbd7 9. Bb2 Ne4 10.
Qb3 Ndf6 11. Nfd2 c6 12. f3 Nxd2 (12... Ng5 13. c5 d5 14. Nc3 Qh5 15. Rae1 Nh3+
16. Kh1 Bd7 17. Nd1 h6 18. Bxh3 Qxh3 19. Nf2 Qh5 20. Nd3 Be8 21. b5 {
Mandl-Malchau, NATO ch, Aalborg 1987,1-0}) 13. Nxd2 f4 14. gxf4 Nh5 15. e3 Qg6
16. Rf2 Bh4 17. Re2 e5 18. dxe5 Bf5 19. Ne4 {Gardner-Zeggelaar, Edmonton ch
2010,1-0}) 9. b5 Nd8 10. Bb2 Qh5 (10... Nf7 11. Qb3 Kh8 12. Nbd2 Bd8 13. Qc3
Ne4 14. Nxe4 fxe4 15. Nd2 d5 16. f3 exf3 17. exf3 Bf6 18. c5 a6 19. Qd3 Bd7 {
Maisuradze-M. Leconte, Villandry Lallemand memorial op rapid, 2017,0-1}) 11.
Qb3 Nf7 12. Rd1 g5 13. Nbd2 g4 14. Ne1 Qg6 (14... Ng5 {Fritz13 & Komodo13}) 15.
Nd3 $16 Nh5 16. c5 (16. f4 $16 {both Engines}) 16... d5 17. a5 Ng5 18. Ne5 {
Fritz13} (18. b6 {Komodo13}) 18... Qf6 19. Rf1 (19. b6 $18 {both Engines})
19... Nf7 20. f4 (20. e3 $16 {Komodo13}) 20... Nxe5 21. fxe5 {Fritz13} (21.
dxe5 Bxc5+ 22. e3 Qd8 23. Rfc1 $16 {Komodo13}) 21... Qh6 $14 22. e3 Bg5 23.
Rfe1 Bd7 24. Nf1 Rfc8 25. a6 b6 26. cxb6 (26. c6 {both Engines}) 26... cxb6 $15
27. Rac1 Qf8 (27... Ng7 28. Ba3 Qg6 29. Nd2 h5 $17 {Komodo13- continuing with
the K side strategy}) 28. Ba3 Qe8 29. Rxc8 Rxc8 30. Rb1 Ng7 31. Kf2 Kf7 32. Nd2
h5 33. Bf1 h4 34. Bd3 (34. Be2 Qh8 35. Rg1 Ne8 $17 {Komodo13}) 34... h3 {
going for the draw} (34... hxg3+ 35. hxg3 Qh8 $19 {Komodo13} 36. Nf1 Qh1 37.
Rc1 Rxc1 38. Bxc1 Nh5 39. Qc2 Nxg3 40. Nxg3 Qf3+ 41. Ke1 Qxg3+ $19) 35. Rb2 Be7
36. Bxe7 Qxe7 37. Nb1 Ne8 {(draw?)} (37... Rc1) (37... Ne8 38. Nc3 $14) 1/2-1/2

[Event "West Wales Open"]
[Site "Swansea"]
[Date "2019.10.11"]
[Round "1.10"]
[White "May, Adam J"]
[Black "Sipho, Donovan"]
[Result "1-0"]
[WhiteElo "1924"]
[BlackElo "1659"]
[Annotator "kemen"]
[PlyCount "77"]
[EventDate "2019.10.12"]
[EventType "swiss"]
[EventRounds "5"]
[EventCountry "WLS"]

{[%evp 0,18,27,-12,-12,-51,-29,-29,-29,-29,7,7,5,5,20,20,20,25,29,33,37]} 1. c4
e5 2. g3 Nf6 3. Bg2 Bc5 (3... d5 {main}) 4. Nc3 c6 (4... O-O) 5. e3 d5 (5...
O-O) 6. cxd5 cxd5 7. d4 exd4 8. exd4 Be7 (8... Bb4) (8... Bb6 {main lines, but
Wh scores well against both, as well as against the text}) 9. Nge2 O-O 10. O-O
Be6 11. Bg5 (11. Nf4 {Cloud Engines} Bb4 12. Qb3 Nc6 13. Be3 Bxc3 14. Nxe6 fxe6
15. Qxc3 Ne4 16. Qd3 Ng5 17. f4 Nf7 18. f5 {Bofill Mas-Rius, Banyoles op 2000,
1-0}) 11... Nbd7 (11... Nc6 {transposes,2.5-1.5}) 12. Nf4 Nb6 13. Nxe6 fxe6 14.
Qe2 $18 Qd6 15. Rae1 h6 16. Bf4 Qc6 17. Qxe6+ Qxe6 18. Rxe6 Kf7 19. Re2 Rfe8
20. Nb5 Bb4 21. Rxe8 Nxe8 22. a3 Be7 23. Re1 (23. Rc1) 23... a6 24. Nc3 Rd8 25.
h4 Bf6 26. Rd1 g5 27. hxg5 hxg5 28. Be5 Rd7 29. f4 gxf4 30. gxf4 Nc7 31. Bh3
Ne6 32. b3 Nc8 33. Re1 Bxe5 34. Rxe5 (34. fxe5) 34... Rd6 35. Bxe6+ Rxe6 36.
Nxd5 Nd6 (36... Rc6 $16 {gives a bit of play}) 37. Nc3 Kf6 38. Kf2 Nf7 $2 39.
Nd5+ 1-0